নৃত্য ভাষা সংস্কৃতি / (Record no. 38231)
[ view plain ]
| 000 -LEADER | |
|---|---|
| fixed length control field | 00751nam a2200217 a 4500 |
| 001 - CONTROL NUMBER | |
| control field | 38231 |
| 003 - CONTROL NUMBER IDENTIFIER | |
| rucl marc code | BD-RjUL |
| 005 - DATE AND TIME OF LATEST TRANSACTION | |
| control field | 20211209052744.0 |
| 008 - FIXED-LENGTH DATA ELEMENTS--GENERAL INFORMATION | |
| fixed length control field | 151011s1981 bg ||||| |||| 00| 0 ben d |
| 035 ## - SYSTEM CONTROL NUMBER | |
| System control number | (BD-RjUL)38336 |
| 040 ## - CATALOGING SOURCE | |
| Original cataloging agency | BD-RjUL |
| Language of cataloging | ben |
| Transcribing agency | BD-RjUL |
| 041 ## - LANGUAGE CODE | |
| Language code of text/sound track or separate title | ben |
| 082 ## - DEWEY DECIMAL CLASSIFICATION NUMBER | |
| Classification number | 792.80954 |
| Author mark and year | ABN 1981 |
| 100 1# - MAIN ENTRY--PERSONAL NAME | |
| Personal name | আবদুল্লাহ, আবি |
| 9 (RLIN) | 118213 |
| 245 1# - TITLE STATEMENT | |
| Title | নৃত্য ভাষা সংস্কৃতি / |
| Statement of responsibility, etc. | আবি আবদুল্লাহ |
| 260 ## - PUBLICATION, DISTRIBUTION, ETC. (IMPRINT) | |
| Place of publication, distribution, etc. | ঢাকা : |
| Name of publisher, distributor, etc. | শাফা প্রকাশনী, |
| Date of publication, distribution, etc. | ১৯৮১ |
| 300 ## - PHYSICAL DESCRIPTION | |
| Pagination | ১৬৮ পৃ. : |
| Illustrations | চিত্র; |
| Size | ২৩ সেমি. |
| 650 ## - SUBJECT ADDED ENTRY--TOPICAL TERM | |
| Topical term or geographic name as entry element | নৃত্য |
| General subdivision | ভারত |
| 9 (RLIN) | 118216 |
| Topical term or geographic name as entry element | Dance |
| 9 (RLIN) | 118215 |
| Geographic subdivision | India |
| 942 ## - ADDED ENTRY ELEMENTS (KOHA) | |
| Source of classification or shelving scheme | Dewey Decimal Classification |
| Koha item type | Books |
| Lost status | Source of classification or shelving scheme | Damaged status | Not for loan | Collection code | Permanent Location | Current Location | Shelving location | Date acquired | Total Checkouts | Full call number | Date last seen | Copy number | Koha item type | Source of acquisition |
|---|---|---|---|---|---|---|---|---|---|---|---|---|---|---|
| Dewey Decimal Classification | Non-fiction | Central Library, University of Rajshahi | Central Library, University of Rajshahi | 27/03/1994 | B 792.09954 ABN 1981 | 12/10/2015 | C-2 | Books | ||||||
| Dewey Decimal Classification | Non-fiction | Central Library, University of Rajshahi | Central Library, University of Rajshahi | 27/03/1994 | B 792.0954 ABN 1981 | 19/10/2016 | C-3 | Books | N/A | |||||
| Dewey Decimal Classification | Non-fiction | Central Library, University of Rajshahi | Central Library, University of Rajshahi | 27/03/1994 | B 792.0954 ABN 1981 | 23/10/2016 | C-4 | Books | N/A | |||||
| Dewey Decimal Classification | Not For Loan | Non-fiction | Central Library, University of Rajshahi | Central Library, University of Rajshahi | Reading Room | 27/03/1994 | B 792.0954 ABN 1981 | 28/01/2017 | C-1 | Books | ||||
| Dewey Decimal Classification | Non-fiction | Central Library, University of Rajshahi | Central Library, University of Rajshahi | 27/03/1994 | B 792.0954 ABN 1981 | 31/01/2018 | C-5 | Books |